000 00325nam a2200157Ia 4500
003 SGT
005 20260530142737.0
082 _a612.015
_bB13S
100 _aSATAYANARAYANA, U.
245 _aBIOCHEMISTRY
250 _a4TH
260 _bELSEVIER
_aINDIA
_c2013
300 _a1-799
650 _aBIOCHEMISTRY
942 _2ddc
_cBK
999 _c1638
_d1638